| Tag |
First Indicator |
Second Indicator |
Subfields |
| LEADER |
00000cam a2200000 a 4500 |
| 001 |
in00001761824 |
| 005 |
20151025051820.0 |
| 008 |
990908s1999 enkab 000 0 eng |
| 015 |
|
|
|a GB99-43821
|
| 019 |
|
|
|a 41582543
|
| 020 |
|
|
|a 1899085610
|
| 035 |
|
|
|a (OCoLC)ocm42367103
|
| 040 |
|
|
|a UKM
|c UKM
|d CUY
|d UtOrBLW
|
| 043 |
|
|
|a e-uk-en
|
| 049 |
|
|
|a TXAM
|
| 082 |
0 |
4 |
|a 554.2511
|2 21
|
| 090 |
|
|
|a GB436.G7
|b D35 1999
|
| 100 |
1 |
|
|a Dalton, Roger.
|
| 245 |
1 |
0 |
|a Classic landforms of the Dark Peak /
|c Roger Dalton, Howard Fox and Peter Jones.
|
| 250 |
|
|
|a New ed.
|
| 264 |
|
1 |
|a Sheffield :
|b Geographical Association in conjunction with the British Geomorphological Research Group,
|c 1999.
|
| 300 |
|
|
|a 52 pages :
|b color illustrations, maps ;
|c 23 cm.
|
| 336 |
|
|
|a text
|b txt
|2 rdacontent
|
| 337 |
|
|
|a unmediated
|b n
|2 rdamedia
|
| 338 |
|
|
|a volume
|b nc
|2 rdacarrier
|
| 490 |
1 |
|
|a Classic landform guides
|
| 500 |
|
|
|a Previous edition: i.e. 1st edition 1990.
|
| 504 |
|
|
|a Includes bibliographical references (page 51).
|
| 650 |
|
0 |
|a Geomorphology
|z England
|z Peak District.
|
| 650 |
|
0 |
|a Landforms
|z England
|z Peak District.
|
| 700 |
1 |
|
|a Fox, Howard.
|
| 700 |
1 |
|
|a Jones, Peter,
|d 1944 June 7-
|
| 710 |
2 |
|
|a Geographical Association.
|
| 710 |
2 |
|
|a British Geomorphological Research Group.
|
| 830 |
|
0 |
|a Classic landform guides.
|
| 948 |
|
|
|a cataloged
|b h
|c 2003/11/7
|d c
|e jgreene
|f 1:19:15 pm
|
| 994 |
|
|
|a E0
|b TXA
|
| 999 |
|
|
|a MARS
|
| 999 |
f |
f |
|s 2a1e6fa6-3ae6-3b13-a50e-054708c8eeba
|i f29607f0-56f1-3754-85fa-7adcfa8433bf
|t 0
|
| 952 |
f |
f |
|p ric
|a Texas A&M University
|b Rellis Campus
|c Joint Library Facility
|d Remote Storage
|t 0
|e GB436.G7 D35 1999
|h Library of Congress classification
|i unmediated -- volume
|m A14830765425
|
| 998 |
f |
f |
|a GB436.G7 D35 1999
|t 0
|l Remote Storage
|